La historia, la geografía y la instrucción cívica. nuevas aportaciones para su enseñanza /

Guardado en:
Autor Principal: Delgado De Carvalho, Carlos
Formato: Libro
Publicado: Buenos Aires : Kapelusz, 1958
Edición:2a. ed.
Series:Bibl. de Cultura Pedag¢gica,32
Materias:
Etiquetas: Agregar Etiqueta
Sin Etiquetas, Sea el primero en etiquetar este registro!
LEADER 00814nam a22002295a 4500
001 CEM.cems002040
005 20060215000000.0
008 130507s1958##################000#0#####d
003 CEMS
082 0 4 |a 372.83 
100 1 |a Delgado De Carvalho, Carlos 
245 1 0 |a La historia, la geografía y la instrucción cívica. nuevas aportaciones para su enseñanza / 
250 |a 2a. ed. 
260 |a Buenos Aires :  |b Kapelusz,  |c 1958 
300 |a 141 p. 
490 0 |a Bibl. de Cultura Pedag¢gica,32 
653 |a Didactica de la geografia 
653 |a Didactica de la historia 
653 |a Educacion 
859 |a CEMS  |b BIB. CEMS - 11 de abril  |h 372.83  |i D378a2  |p 3706.75  |t Ej.1 
859 |a CEMS  |b BIB. CEMS - 11 de abril  |h 372.83  |i D378a2  |p 3816.75  |t Ej.2 
859 |a CEMS  |b BIB. CEMS - 11 de abril  |h 372.83  |i D378a2  |p 6343.78  |t Ej.3